000 00314nam a22001217a 4500
999 _c2955
_d2955
005 20200925124923.0
008 200925b ||||| |||| 00| 0 eng d
020 _a0427
040 _cCML
245 _aSuefeit of Lampreys.
_cMarsh, N.
260 _aMitchan
_bPenguin Books
_c1955
942 _2ddc
_cBK
_e1st Edition
_kF
_mMAR